MARC

LEADER 00000nam0a2200000 4500
001 214657
005 20231031193638.0
035 |a (RuTPU)RU\TPU\book\234532 
035 |a RU\TPU\book\226617 
090 |a 214657 
100 |a 20120426d1989 k y0rusy50 ca 
101 0 |a rus 
102 |a UA 
105 |a a z 001zy 
200 1 |a Алгебра. Языки. Программирование  |f В. М. Глушков, Г. Е. Цейтлин, Е. Л. Ющенко  |g Академия наук Украинской ССР (АН УССР), Институт кибернетики (ИК) 
210 |a Киев  |c Наукова думка  |d 1989 
215 |a 376 с.  |c ил. 
320 |a Библиогр.: с. 363-368. 
320 |a Предметный указатель: с. 369-376. 
610 1 |a алгебра 
610 1 |a языки 
610 1 |a программирование 
610 1 |a цифровые вычислительные машины 
610 1 |a множества 
610 1 |a отношения 
610 1 |a универсальные алгебры 
610 1 |a грамматика 
675 |a 512.5  |v 3 
675 |a 519.68  |v 3 
700 1 |a Глушков  |b В. М.  |g Виктор Михайлович 
701 1 |a Цейтлин  |b Г. Е.  |g Георгий Евсеевич 
701 1 |a Ющенко  |b Е. Л.  |g Екатерина Логвиновна 
712 0 2 |a Академия наук Украинской ССР (АН УССР)  |b Институт кибернетики (ИК)  |2 stltpush  |3 (RuTPU)RU\TPU\col\11437 
801 1 |a RU  |b 63413507  |c 20120127 
801 2 |a RU  |b 63413507  |c 20140320  |g RCR 
942 |c BK